000
00321nam a2200109Ia 4500
008
160609s9999 xx 000 0 und d
245
_a
Catia V5-6r2015 Basics Part Ii: Part Modeling
245
_c
By:Tutorial Books
260
_c
2015
650
_x
3D MODELING
856
_u
http://file.ebook777.com/CatV56BasParIiParMod.rar
999
_c
295711
_d
295711